Naturrechtliche Grenzen strafwürdigen Verhaltens

Gespeichert in:  
Bibliographische Detailangaben
1. VerfasserIn: Kühl, Kristian 1943- (Verfasst von)
Medienart: Druck Aufsatz
Sprache:Deutsch
Veröffentlicht: 1992
In: Festschrift für Günter Spendel zum 70. Geburtstag am 11. Juli 1992
Jahr: 1992, Seiten: 75-98
Verfügbarkeit prüfen: HBZ Gateway
Schlagwörter:

MARC

LEADER 00000caa a2200000 c 4500
001 1427190356
003 DE-627
005 20240606205232.0
007 tu
008 120125s1992 xx ||||| 00| ||ger c
020 |a 3110128896 
035 |a (DE-627)1427190356 
035 |a (DE-576)357190351 
035 |a (DE-599)BSZ357190351 
040 |a DE-627  |b ger  |c DE-627  |e rakwb 
041 |a ger 
100 1 |a Kühl, Kristian  |d 1943-  |0 (DE-588)123228964  |0 (DE-627)082426198  |0 (DE-576)16185222X  |4 aut 
109 |a Kühl, Kristian 1943- 
245 1 0 |a Naturrechtliche Grenzen strafwürdigen Verhaltens  |c Kristian Kühl 
264 1 |c 1992 
336 |a Text  |b txt  |2 rdacontent 
337 |a ohne Hilfsmittel zu benutzen  |b n  |2 rdamedia 
338 |a Band  |b nc  |2 rdacarrier 
773 0 8 |i In  |t Festschrift für Günter Spendel zum 70. Geburtstag am 11. Juli 1992  |d Berlin [u.a.] : de Gruyter, 1992  |g (1992), Seite 75-98  |h XI, 899 S.  |w (DE-627)027540804  |w (DE-576)02928497X  |z 3110128896  |7 nnam 
773 1 8 |g year:1992  |g pages:75-98 
889 |w (DE-627)828813302 
935 |a mkri 
935 |i mdedup 
951 |a AR 
ELC |b 1 
LOK |0 000 xxxxxcx a22 zn 4500 
LOK |0 001 2899569414 
LOK |0 003 DE-627 
LOK |0 004 1427190356 
LOK |0 005 20260210112903 
LOK |0 008 160208||||||||||||||||ger||||||| 
LOK |0 040   |a DE-21-110  |c DE-627  |d DE-21-110 
LOK |0 689   |a s  |a Strafrecht 
LOK |0 689   |a s  |a Recht 
LOK |0 689   |a s  |a Suizid 
LOK |0 689   |a s  |a Sexualstrafrecht 
LOK |0 689   |a s  |a Moral 
LOK |0 689   |a s  |a Legalität 
LOK |0 689   |a s  |a Strafwürdigkeit 
LOK |0 689   |a s  |a Naturrechtslehre 
LOK |0 689   |a s  |a Gesinnungsstrafrecht 
LOK |0 689   |a s  |a Moralität 
LOK |0 852   |a DE-21-110 
LOK |0 852 1  |m p  |9 00 
LOK |0 935   |a k110 
LOK |0 938   |k p 
LOK |0 939   |a 08-02-16  |b l01 
ORI |a WA-MARC-krimdoka001.raw